[Event "13. Sparkassen Open 2014 - Gruppe B"]
[Site "Forchheim"]
[Date "2014.10.03"]
[Round "1.52"]
[White "Dreiseitel, Werner"]
[Black "Mantel, Hubert"]
[Result "0-1"]
[WhiteElo "1557"]
[BlackElo "1653"]
[PlyCount "74"]
[EventDate "2014.??.??"]

1. d4 e6 2. Bf4 d5 3. e3 f5 4. Nf3 Nf6 5. Nbd2 Be7 6. Be2 O-O 7. Ne5 Nbd7 8.
Ndf3 Ne4 9. Nxd7 Bxd7 10. Ne5 Ba4 11. Nd3 c5 12. O-O c4 13. Ne1 g5 14. Be5 Be8
15. f3 Nd6 16. c3 Bf6 17. Bxf6 Qxf6 18. b3 Bb5 19. bxc4 Bxc4 20. Nc2 Bxe2 21.
Qxe2 Rac8 22. Qd3 Rc7 23. Na3 a6 24. Rac1 b5 25. Nb1 Rfc8 26. a4 e5 27. e4 exd4
28. exd5 dxc3 29. Rfe1 c2 30. Nd2 Rc3 31. Qe2 Qd4+ 32. Kh1 Re8 33. Qf1 Qxd2 34.
Rxe8+ Nxe8 35. axb5 axb5 36. h3 b4 37. Re1 Qxe1 0-1

[Event "13. Sparkassen Open 2014 - Gruppe B"]
[Site "Forchheim"]
[Date "2014.10.03"]
[Round "2.1"]
[White "Nehls, Benedikt"]
[Black "Adler, Herbert"]
[Result "1/2-1/2"]
[WhiteElo "2009"]
[BlackElo "2010"]
[PlyCount "81"]
[EventDate "2014.??.??"]

1. Nf3 Nf6 2. c4 e6 3. d4 d5 4. Bg5 Nbd7 5. Nc3 h6 6. Bh4 c6 7. cxd5 exd5 8. e3
Bd6 9. Bd3 g5 10. Bg3 Qe7 11. Qc2 Rg8 12. O-O-O Nb6 13. Rhe1 Be6 14. Kb1 Bxg3
15. hxg3 O-O-O 16. Ne5 Kb8 17. Bf5 Bxf5 18. Qxf5 g4 19. Qf4 Ka8 20. Qxh6 Rh8
21. Qf4 Rh2 22. Rg1 Qe6 23. Rh1 Rdh8 24. Rxh2 Rxh2 25. Nd3 Ne8 26. Qe5 Qxe5 27.
Nxe5 f5 28. Ng6 Kb8 29. Nh4 Nd6 30. Kc2 Nd7 31. b3 Nf6 32. Rf1 Kc7 33. Ne2 Nh5
34. Kd3 Kd7 35. Nc3 b6 36. Ne2 Ke6 37. Rc1 Kd7 38. f3 Nxg3 39. Nxg3 Rxh4 40.
Rh1 Rxh1 41. Nxh1 1/2-1/2

[Event "13. Sparkassen Open 2014 - Gruppe B"]
[Site "Forchheim"]
[Date "2014.10.03"]
[Round "2.2"]
[White "Corral, Carlos"]
[Black "Adelhütte, Dennis"]
[Result "1/2-1/2"]
[WhiteElo "1990"]
[BlackElo "1965"]
[PlyCount "81"]
[EventDate "2014.??.??"]

1. Nc3 e6 2. d4 d5 3. Nf3 Nf6 4. Bg5 c5 5. e4 cxd4 6. Nxd4 dxe4 7. Nxe4 Qa5+ 8.
Qd2 Qe5 9. f3 Nxe4 10. fxe4 Qxe4+ 11. Be2 f6 12. O-O-O Bc5 13. Nb3 Bb6 14. Bf3
Qg6 15. Bf4 O-O 16. h4 e5 17. h5 Qf5 18. Bh2 Nc6 19. Kb1 Be6 20. Qe2 Bxb3 21.
axb3 Nd4 22. Qe4 Qxe4 23. Bxe4 Rab8 24. c3 Nc6 25. Rd7 Rfd8 26. Rxd8+ Rxd8 27.
Kc2 Be3 28. b4 Rd2+ 29. Kb3 Nd8 30. Re1 Bg5 31. Bg1 b6 32. Ra1 Rd7 33. Bf5 Rc7
34. Bxb6 axb6 35. Ra8 Kf7 36. Rxd8 g6 37. hxg6+ hxg6 38. Be4 f5 39. Bd5+ Kg7
40. Rd6 Be3 41. Rd8 1/2-1/2

[Event "13. Sparkassen Open 2014 - Gruppe B"]
[Site "Forchheim"]
[Date "2014.10.03"]
[Round "2.3"]
[White "Fieberg, Christoph"]
[Black "Diller, Daniel"]
[Result "0-1"]
[WhiteElo "1912"]
[BlackElo "1872"]
[PlyCount "74"]
[EventDate "2014.??.??"]

1. e4 e6 2. Nf3 d5 3. Nc3 d4 4. Ne2 c5 5. Ng3 a6 6. a4 Nc6 7. Bc4 Nf6 8. d3 Bd6
9. O-O O-O 10. Ne1 e5 11. Bg5 h6 12. Bd2 Rb8 13. Nh5 Nxh5 14. Qxh5 Qf6 15. Qf3
Qxf3 16. Nxf3 Bg4 17. Nh4 b5 18. axb5 axb5 19. Ba2 g5 20. f3 Be6 21. Nf5 Bxf5
22. exf5 Ne7 23. g4 Kg7 24. Kg2 Ra8 25. Bb3 Rfe8 26. h4 Rxa1 27. Rxa1 c4 28.
f6+ Kxf6 29. hxg5+ hxg5 30. Ra6 cxb3 31. Rxd6+ Kg7 32. Bxg5 bxc2 33. Bh6+ Kg8
34. Bc1 Ng6 35. Kf1 Nf4 36. Ke1 Nxd3+ 37. Kd2 Nc5 0-1

[Event "13. Sparkassen Open 2014 - Gruppe B"]
[Site "Forchheim"]
[Date "2014.10.03"]
[Round "2.4"]
[White "Tong, Kevin"]
[Black "Pikal, Alexander"]
[Result "0-1"]
[WhiteElo "1798"]
[BlackElo "1924"]
[PlyCount "66"]
[EventDate "2014.??.??"]
[WhiteTeam "SC Erlangen"]
[BlackTeam "SC Ansbach"]

1. e4 d6 2. d4 g6 3. Nc3 Bg7 4. Be3 Nc6 5. Bc4 Nf6 6. f3 e6 7. Qd2 d5 8. exd5
exd5 9. Bb3 O-O 10. O-O-O Na5 11. g4 Nxb3+ 12. axb3 Re8 13. h4 c6 14. h5 a5 15.
Nge2 b5 16. Ng3 a4 17. b4 Qd6 18. Bf4 Qxb4 19. hxg6 fxg6 20. Be5 a3 21. b3 a2
22. Kb2 Qa3+ 23. Ka1 Rxe5 24. dxe5 Nd7 25. f4 Nb6 26. g5 Bg4 27. Rdf1 Qb4 28.
Rh4 Bf5 29. Nxf5 gxf5 30. Rfh1 c5 31. R1h2 d4 32. Nd1 Qa3 33. Nf2 Qb2+ 0-1

[Event "13. Sparkassen Open 2014 - Gruppe B"]
[Site "Forchheim"]
[Date "2014.10.03"]
[Round "2.5"]
[White "Nixdorf, Andre"]
[Black "Simon, Jonathan"]
[Result "0-1"]
[WhiteElo "1996"]
[BlackElo "1925"]
[PlyCount "122"]
[EventDate "2014.??.??"]

1. e4 c5 2. Nf3 e6 3. d4 cxd4 4. Nxd4 a6 5. Bd3 Qc7 6. O-O Bc5 7. Nb3 Ba7 8.
Qe2 Ne7 9. Nc3 O-O 10. Be3 Bxe3 11. Qxe3 Nbc6 12. f4 f5 13. e5 Nb4 14. Rad1
Ned5 15. Nxd5 Nxd5 16. Qd4 b5 17. a3 Bb7 18. Rf2 Rac8 19. Bf1 Nb6 20. Qd6 Bd5
21. Qxc7 Rxc7 22. Nd4 Na4 23. c3 Nc5 24. g3 Ne4 25. Rc2 g6 26. Bg2 Rfc8 27.
Bxe4 Bxe4 28. Rcd2 Bd5 29. Kf2 Kf7 30. Re1 Ke7 31. Nc2 a5 32. Rd4 Rc6 33. Ne3
Bb3 34. Re2 R8c7 35. Red2 Ke8 36. Kf3 h5 37. Kg2 Ke7 38. Kf3 Rb6 39. Rd6 Rbb7
40. R2d4 Ba2 41. Ra6 a4 42. Rdd6 Bb1 43. Rdb6 Be4+ 44. Ke2 Bc6 45. Rxb7 Rxb7
46. Kd2 Rb8 47. Nc2 Bd5 48. h4 Kd8 49. Rd6 Rb7 50. Nb4 Be4 51. Ke3 Kc7 52. Ra6
Rb8 53. Ra5 Bg2 54. Kd4 Bf1 55. Nc2 Kd8 56. Ne3 Be2 57. Ra7 Ke7 58. Kc5 Rc8+
59. Kb6 Rc6+ 60. Ka5 Kd8 61. Ra8+ Ke7 0-1

[Event "13. Sparkassen Open 2014 - Gruppe B"]
[Site "Forchheim"]
[Date "2014.10.03"]
[Round "2.6"]
[White "Wagner, Robert"]
[Black "Kölbl, Jonathan"]
[Result "1-0"]
[WhiteElo "1848"]
[BlackElo "1891"]
[PlyCount "45"]
[EventDate "2014.??.??"]

1. d4 c6 2. Nf3 d6 3. b3 Bg4 4. Nbd2 Nd7 5. e3 e5 6. Be2 Ngf6 7. dxe5 dxe5 8.
Bb2 Qc7 9. O-O h5 10. h3 e4 11. Nd4 Bxe2 12. Qxe2 g5 13. Nf5 Rg8 14. Rad1 Qa5
15. Nd6+ Bxd6 16. Nc4 Bh2+ 17. Kxh2 Qc7+ 18. Nd6+ Kf8 19. Kh1 Rg6 20. f3 Ng4
21. fxg4 Rxd6 22. Qf2 f6 23. gxh5 1-0

 18. Nd6+ Kf8 19. Kh1
Rg6 20. f3 Ng4 21. fxg4 Rxd6 22. Qf2 f6 23. gxh5 1-0

[Event "13. Sparkassen Open 2014 - Gruppe B"]
[Site "Forchheim"]
[Date "2014.10.03"]
[Round "2.7"]
[White "Koelbl, Wolfgang"]
[Black "Wawor, Gerhard"]
[Result "1-0"]
[WhiteElo "1876"]
[BlackElo "1908"]
[PlyCount "85"]
[EventDate "2014.??.??"]
[WhiteTeam "SK Klosterlechfeld"]
[BlackTeam "SK Nürnberg"]

1. d4 e6 2. Nf3 Nf6 3. Bg5 h6 4. Bf4 c5 5. e3 Nh5 6. Bg3 Nc6 7. c3 b6 8. Bd3
Nxg3 9. hxg3 Bb7 10. Nbd2 cxd4 11. exd4 d6 12. g4 Be7 13. Ne4 Qd7 14. a4 O-O-O
15. b4 e5 16. d5 Nb8 17. Nf6 Qc7 18. Bf5+ Nd7 19. Nxd7 Rxd7 20. c4 g6 21. Bxd7+
Kxd7 22. Rc1 a5 23. bxa5 bxa5 24. O-O h5 25. gxh5 Rxh5 26. Re1 Qc5 27. Qd2 f5
28. Qe3 Qxe3 29. fxe3 g5 30. Rb1 Kc8 31. Rb6 g4 32. Nd2 Rh7 33. Reb1 Bg5 34.
Kf2 Rd7 35. Nb3 Bd8 36. Nxa5 Bxb6 37. Rxb6 Ba8 38. Kg3 Ra7 39. Rb5 Bb7 40. Nxb7
Rxb7 41. Rxb7 Kxb7 42. Kh4 Kb6 43. Kg5 1-0

[Event "13. Sparkassen Open 2014 - Gruppe B"]
[Site "Forchheim"]
[Date "2014.10.03"]
[Round "2.8"]
[White "Menrad, Andreas"]
[Black "Schwab, Edgar"]
[Result "1-0"]
[WhiteElo "1974"]
[BlackElo "1930"]
[PlyCount "19"]
[EventDate "2014.??.??"]

1. e4 e5 2. Nf3 Nc6 3. Bc4 Nf6 4. Ng5 d5 5. exd5 Na5 6. Bb5+ c6 7. dxc6 bxc6 8.
Qf3 Bd7 9. Ba4 Nd5 10. Qxf7# 1-0

+ c6 7. dxc6 bxc6 8.
Qf3 Bd7 9. Ba4 Nd5 1-0

[Event "13. Sparkassen Open 2014 - Gruppe B"]
[Site "Forchheim"]
[Date "2014.10.03"]
[Round "2.9"]
[White "Kilian, Markus"]
[Black "Wieczorek, Heinz"]
[Result "1/2-1/2"]
[WhiteElo "2017"]
[BlackElo "1825"]
[PlyCount "61"]
[EventDate "2014.??.??"]
[WhiteTeam "SV Würzburg"]
[BlackTeam "SW Nürnberg"]

1. d4 Nf6 2. c4 e6 3. Nc3 Bb4 4. f3 Bxc3+ 5. bxc3 d6 6. e4 e5 7. Bd3 Nc6 8. Ne2
b6 9. Qa4 Bd7 10. Qc2 h6 11. Be3 Qe7 12. O-O O-O 13. Kh1 Rae8 14. d5 Na5 15. g4
Nh7 16. Ng3 Nb7 17. Qg2 Nc5 18. Bc2 Qh4 19. Nf5 Bxf5 20. gxf5 Ng5 21. Rg1 f6
22. Raf1 Rf7 23. Qe2 Nh3 24. Rg4 Qh5 25. f4 Kh8 26. fxe5 Rxe5 27. Bd4 Re8 28.
Qg2 Ng5 29. Bd1 Rfe7 30. Be3 Qh3 31. Qxh3 1/2-1/2

[Event "13. Sparkassen Open 2014 - Gruppe B"]
[Site "Forchheim"]
[Date "2014.10.03"]
[Round "2.10"]
[White "Heilmann, Karl Ludwig"]
[Black "Lais, Thomas"]
[Result "1/2-1/2"]
[WhiteElo "1640"]
[BlackElo "1962"]
[PlyCount "81"]
[EventDate "2014.??.??"]
[WhiteTeam "SK Gerolzhofen"]
[BlackTeam "SW Nürnberg"]

1. e4 c5 2. Nc3 d6 3. g3 Nc6 4. Bg2 g6 5. f4 Bg7 6. Nf3 e6 7. O-O Nge7 8. d3
O-O 9. Be3 Nd4 10. Qd2 Nec6 11. Nd1 Rb8 12. c3 Nxf3+ 13. Rxf3 Qa5 14. g4 f5 15.
gxf5 exf5 16. Rg3 Be6 17. Qf2 Qd8 18. d4 cxd4 19. cxd4 fxe4 20. Bxe4 d5 21. Bg2
Qb6 22. Nc3 Bxd4 23. Bxd5 Bxd5 24. Nxd5 Bxe3 25. Rxe3 Qd4 26. Qf3 Qxb2 27. Rae1
Qxa2 28. Ne7+ Nxe7 29. Rxe7 Rf7 30. Re8+ Rxe8 31. Rxe8+ Rf8 32. Rxf8+ Kxf8 33.
Qxb7 h5 34. Qb8+ Kg7 35. Qe5+ Kh7 36. Qe7+ Kg8 37. Qe8+ Kg7 38. Qe5+ Kf7 39.
Qc7+ Ke8 40. Qc8+ Ke7 41. Qc7+ 1/2-1/2

[Event "13. Sparkassen Open 2014 - Gruppe B"]
[Site "Forchheim"]
[Date "2014.10.03"]
[Round "2.11"]
[White "Gebhardt, Christian"]
[Black "Gentner, Markus"]
[Result "1/2-1/2"]
[WhiteElo "1845"]
[BlackElo "1988"]
[PlyCount "64"]
[EventDate "2014.??.??"]

1. e4 c6 2. d4 d5 3. Nc3 dxe4 4. Nxe4 Nf6 5. Nxf6+ gxf6 6. Bc4 Bf5 7. Nf3 Qc7
8. O-O e6 9. Qe2 Nd7 10. Nh4 Bg6 11. f4 O-O-O 12. f5 Bd6 13. h3 exf5 14. Nxf5
Bxf5 15. Rxf5 Rde8 16. Qf1 Nb6 17. Bb3 Re7 18. Rxf6 Nd5 19. Bxd5 cxd5 20. Bg5
Bh2+ 21. Kh1 Rg8 22. Qf5+ Kb8 23. Rf1 Bg3 24. Rh6 Re2 25. Rxh7 Rge8 26. Rxf7
Qxc2 27. Qd7 Qc8 28. Qxc8+ Kxc8 29. Rf8 Rxf8 30. Rxf8+ Kd7 31. Kg1 Re1+ 32. Rf1
Bh2+ 1/2-1/2

[Event "13. Sparkassen Open 2014 - Gruppe B"]
[Site "Forchheim"]
[Date "2014.10.03"]
[Round "2.12"]
[White "Luther, Helmut"]
[Black "Krenz, Sarah"]
[Result "1/2-1/2"]
[WhiteElo "1992"]
[BlackElo "1992"]
[PlyCount "100"]
[EventDate "2014.??.??"]

1. d4 d6 2. g3 Nf6 3. Bg2 g6 4. e4 Bg7 5. Ne2 O-O 6. O-O c5 7. c3 Nc6 8. d5 Ne5
9. f4 Ned7 10. Na3 a6 11. Nc4 b5 12. Ne3 Rb8 13. g4 Qb6 14. Ng3 c4 15. g5 Ne8
16. h4 b4 17. cxb4 Qxb4 18. h5 Qc5 19. Qc2 Bd4 20. Rf3 Nb6 21. Kh2 Bd7 22. Ne2
Ba4 23. Qd2 Bg7 24. hxg6 fxg6 25. Ng4 Bd7 26. Bh3 Bxg4 27. Bxg4 Na4 28. Nc3
Nxc3 29. bxc3 Nc7 30. Qe1 Rf7 31. Be3 Rb2+ 32. Kg1 Qa5 33. Bf2 Rf8 34. f5 Rc2
35. Rc1 Qxa2 36. Rxc2 Qxc2 37. Rh3 Rb8 38. Bd1 Qc1 39. Bg4 Rb1 40. Qxc1 Rxc1+
41. Kg2 Rxc3 42. Rxc3 Bxc3 43. Be2 Bd2 44. fxg6 hxg6 45. Bxc4 Bxg5 46. Bg3 Bf6
47. e5 Bg5 48. exd6 exd6 49. Bxd6 Nb5 50. Bc5 Bd8 1/2-1/2

[Event "13. Sparkassen Open 2014 - Gruppe B"]
[Site "Forchheim"]
[Date "2014.10.03"]
[Round "2.13"]
[White "Siegl, Melina"]
[Black "Heinkelmann, Josef"]
[Result "1-0"]
[WhiteElo "1909"]
[BlackElo "1853"]
[PlyCount "51"]
[EventDate "2014.??.??"]

1. b3 c5 2. Bb2 Nc6 3. e3 Nf6 4. Nf3 e6 5. Bb5 Be7 6. O-O O-O 7. Bxc6 bxc6 8.
d3 Nd5 9. e4 Bf6 10. e5 Be7 11. c4 Nf4 12. Qd2 Ng6 13. Nc3 f6 14. exf6 Bxf6 15.
Ne4 Bxb2 16. Qxb2 Qe7 17. Ne5 Rf5 18. Nxg6 hxg6 19. Ng3 Rf8 20. f4 d6 21. Rae1
Qh4 22. Qd2 Qf6 23. Ne4 Qe7 24. Qe3 Bd7 25. Ng5 Rae8 26. Qh3 1-0

[Event "13. Sparkassen Open 2014 - Gruppe B"]
[Site "Forchheim"]
[Date "2014.10.03"]
[Round "2.14"]
[White "Unkelbach, Manfred"]
[Black "Varga, Vlad Gabriel"]
[Result "0-1"]
[WhiteElo "1926"]
[BlackElo "1946"]
[PlyCount "70"]
[EventDate "2014.??.??"]

1. d4 d5 2. Nf3 Nf6 3. Bg5 e6 4. e3 c5 5. c3 Nc6 6. Bd3 Be7 7. Nbd2 cxd4 8.
exd4 Qb6 9. Rb1 a5 10. a4 Bd7 11. O-O Qc7 12. Re1 Bd6 13. Bh4 Ne7 14. Bg3 Bxg3
15. hxg3 Bc6 16. Ne5 Ng6 17. Ndf3 Nd7 18. Nxd7 Qxd7 19. Bc2 Ra6 20. b3 O-O 21.
Qd3 Qc7 22. Ne5 Be8 23. Rbc1 f6 24. Nf3 Bf7 25. c4 Rc6 26. Bb1 Rc8 27. Ba2 e5
28. Nd2 Qb6 29. c5 Qb4 30. dxe5 Nxe5 31. Rxe5 fxe5 32. Bb1 e4 33. Qe3 Rxc5 34.
Rxc5 Qxc5 35. Qf4 Rf8 0-1

[Event "13. Sparkassen Open 2014 - Gruppe B"]
[Site "Forchheim"]
[Date "2014.10.03"]
[Round "2.15"]
[White "Schmitz, Tim"]
[Black "Langer, Simon"]
[Result "1/2-1/2"]
[WhiteElo "1865"]
[BlackElo "1864"]
[PlyCount "64"]
[EventDate "2014.??.??"]

1. e4 c5 2. c3 Nf6 3. e5 Nd5 4. d4 cxd4 5. Nf3 Nc6 6. Bc4 Nb6 7. Bb3 d6 8. exd6
Qxd6 9. cxd4 g6 10. Nc3 Bg7 11. O-O Nxd4 12. Nxd4 Qxd4 13. Qxd4 Bxd4 14. Nb5
Be5 15. Re1 Bb8 16. Bg5 e6 17. Rad1 O-O 18. Be3 Re8 19. Nd6 Bxd6 20. Rxd6 Nd5
21. Bxa7 Rxa7 22. Rxd5 Kf8 23. Rd4 e5 24. Rd6 Ra6 25. Red1 Ke7 26. Rxa6 bxa6
27. Ba4 Rd8 28. Rxd8 Kxd8 29. Kf1 Kc7 30. Bb3 f6 31. Ke2 Kd6 32. Ke3 a5 1/2-1/2

[Event "13. Sparkassen Open 2014 - Gruppe B"]
[Site "Forchheim"]
[Date "2014.10.03"]
[Round "2.16"]
[White "Siegl, Adrian"]
[Black "Bachhuber, Dominik"]
[Result "1-0"]
[WhiteElo "1779"]
[BlackElo "1915"]
[PlyCount "83"]
[EventDate "2014.??.??"]

1. e4 c6 2. d4 d5 3. Nc3 dxe4 4. Nxe4 Nd7 5. Nf3 Ngf6 6. Ng3 Qc7 7. Bd3 e6 8.
O-O Bd6 9. Re1 Ng4 10. Nd2 Ndf6 11. Nc4 Bf4 12. Qf3 Bxc1 13. Raxc1 h5 14. h3 h4
15. Nf5 Qh2+ 16. Kf1 Bd7 17. Nfd6+ Ke7 18. hxg4 b5 19. Ne5 Kxd6 20. Nxf7+ Kc7
21. Nxh8 Rxh8 22. c4 Kd8 23. g5 Nh5 24. Ke2 Nf4+ 25. Kd2 Nxd3 26. Kxd3 h3 27.
Rh1 bxc4+ 28. Kxc4 Qd6 29. Rxh3 Rf8 30. Qe4 Rxf2 31. Rh8+ Kc7 32. Qe5 Qxe5 33.
dxe5 Rxg2 34. Rh5 Rg4+ 35. Kc3 Be8 36. Rh8 Bf7 37. Rf1 Rg3+ 38. Kb4 Rg4+ 39.
Kc5 Bg6 40. Rg8 Bf5 41. Rxg7+ Kb8 42. Rh1 1-0

[Event "13. Sparkassen Open 2014 - Gruppe B"]
[Site "Forchheim"]
[Date "2014.10.03"]
[Round "2.17"]
[White "Meckel, Helmut"]
[Black "Nagy, Laszlo"]
[Result "1-0"]
[WhiteElo "1832"]
[BlackElo "1966"]
[PlyCount "56"]
[EventDate "2014.??.??"]

1. b4 a5 2. b5 c5 3. bxc6 bxc6 4. c4 d6 5. Nc3 g6 6. e3 Bg7 7. Qc2 Bf5 8. e4
Be6 9. Nf3 c5 10. Rb1 Nc6 11. a3 Nf6 12. Bb2 Rb8 13. Nd5 Nh5 14. Bxg7 Nxg7 15.
Be2 Bg4 16. O-O Bxf3 17. Bxf3 O-O 18. Rxb8 Qxb8 19. Rb1 Qa7 20. Bd1 e6 21. Nf6+
Kh8 22. Qb2 Nd4 23. Qb7 Qxb7 24. Rxb7 e5 25. f3 Nge6 26. Ba4 Kg7 27. Ne8+ Kh6
28. Nxd6 f5 1-0

[Event "13. Sparkassen Open 2014 - Gruppe B"]
[Site "Forchheim"]
[Date "2014.10.03"]
[Round "2.18"]
[White "Bauer-Debor, T."]
[Black "Wiesner, Frank"]
[Result "0-1"]
[WhiteElo "1738"]
[BlackElo "1980"]
[PlyCount "116"]
[EventDate "2014.??.??"]

1. e4 e5 2. Nc3 d6 3. Bc4 c5 4. Nge2 Nc6 5. a3 Be7 6. d3 Nf6 7. O-O Bg4 8. h3
Bh5 9. Qe1 O-O 10. f4 Bxe2 11. Nxe2 d5 12. fxe5 Nxe5 13. exd5 Nxd5 14. Nf4 Nxc4
15. dxc4 Nxf4 16. Rxf4 Bf6 17. Re4 Qd7 18. c3 Rfe8 19. Bf4 b6 20. Qe2 Rxe4 21.
Qxe4 Re8 22. Qd5 Qe7 23. Rd1 g5 24. Bg3 Qe3+ 25. Bf2 Qf4 26. g3 Qb8 27. Qf5 Kg7
28. Rf1 Qe5 29. Qxe5 Bxe5 30. Re1 f5 31. Rd1 Re7 32. Kg2 Rc7 33. Rd5 Kf6 34.
Kf3 h5 35. Kg2 Ke6 36. Be3 f4 37. gxf4 gxf4 38. Bd2 Rg7+ 39. Kf2 Rg3 40. h4 Rh3
41. a4 Rxh4 42. Kf3 Kf5 43. a5 Rh3+ 44. Kg2 Rg3+ 45. Kh2 h4 46. Be1 f3 47.
Rxe5+ Kxe5 48. Bxg3+ hxg3+ 49. Kxg3 Ke4 50. axb6 axb6 51. Kf2 Kf4 52. b4 Ke4
53. bxc5 bxc5 54. Kf1 Ke3 55. Ke1 Kd3 56. Kf2 Kxc4 57. Kxf3 Kxc3 58. Ke2 Kc2
0-1

[Event "13. Sparkassen Open 2014 - Gruppe B"]
[Site "Forchheim"]
[Date "2014.10.03"]
[Round "2.19"]
[White "Meulner, Fabian"]
[Black "Rosenhain, Rachela"]
[Result "1-0"]
[WhiteElo "1939"]
[BlackElo "1757"]
[PlyCount "74"]
[EventDate "2014.??.??"]

1. d4 Nf6 2. c4 c5 3. d5 b5 4. cxb5 a6 5. f3 g6 6. e4 d6 7. Na3 Bg7 8. Ne2 Nbd7
9. Nc3 O-O 10. Be2 axb5 11. Naxb5 Ba6 12. a4 Qb6 13. Be3 Ne8 14. O-O Nc7 15.
Qd2 Rfb8 16. Rfb1 Nxb5 17. Nxb5 Qb7 18. Ra2 Rc8 19. b3 Rab8 20. Rc2 Nb6 21. Qa5
Ra8 22. Qe1 Rab8 23. Qf1 Ra8 24. h4 Nd7 25. f4 Rf8 26. g4 Bxb5 27. Bxb5 Nf6 28.
Qg2 Qc8 29. f5 Ra7 30. b4 Rc7 31. bxc5 dxc5 32. Bf4 Ra7 33. Bc6 Nd7 34. Qg3 Qd8
35. h5 Qc8 36. Kh1 gxh5 37. g5 f6 1-0

[Event "13. Sparkassen Open 2014 - Gruppe B"]
[Site "Forchheim"]
[Date "2014.10.03"]
[Round "2.20"]
[White "Volkovski, Reinhold"]
[Black "Schlötterer, Hermann"]
[Result "1-0"]
[WhiteElo "1726"]
[BlackElo "1915"]
[PlyCount "83"]
[EventDate "2014.??.??"]

1. e4 d5 2. exd5 Qxd5 3. Nf3 Nf6 4. Be2 Bf5 5. Nc3 Qd6 6. d3 e6 7. Be3 Ng4 8.
Qd2 Nxe3 9. fxe3 Be7 10. O-O Nc6 11. Rad1 g5 12. Kh1 g4 13. Nb5 Qd7 14. Nfd4
O-O-O 15. Nxc6 bxc6 16. Nd4 h5 17. Qa5 Bg6 18. Qa6+ Kb8 19. Nxc6+ Qxc6 20. Qxc6
Rd6 21. Qc3 Rhd8 22. b3 Bg5 23. d4 f5 24. Qd3 Be8 25. c4 Bc6 26. Qc3 h4 27.
Rfe1 Ka8 28. c5 R6d7 29. a4 h3 30. Bf1 Rh7 31. Kg1 g3 32. hxg3 h2+ 33. Kh1 Rh3
34. e4 Rh7 35. exf5 exf5 36. Bb5 Bd5 37. Re8 Rxe8 38. Bxe8 Re7 39. Re1 Rg7 40.
c6 Be7 41. Rxe7 Rxe7 42. Qb4 1-0

[Event "13. Sparkassen Open 2014 - Gruppe B"]
[Site "Forchheim"]
[Date "2014.10.03"]
[Round "2.21"]
[White "Novak, Josua"]
[Black "Walter, Manfred"]
[Result "1-0"]
[WhiteElo "1937"]
[BlackElo "1753"]
[PlyCount "35"]
[EventDate "2014.??.??"]

1. e4 d6 2. d4 Nf6 3. Nc3 e5 4. Nf3 Nbd7 5. g4 Nxg4 6. Rg1 Ngf6 7. Bc4 h6 8.
Be3 c6 9. Qd3 Qc7 10. O-O-O Nb6 11. dxe5 dxe5 12. Bxb6 axb6 13. Nxe5 Be6 14.
Bxe6 fxe6 15. Ng6 Rg8 16. Qc4 Qf7 17. Ne5 Qe7 18. Nxc6 1-0

[Event "13. Sparkassen Open 2014 - Gruppe B"]
[Site "Forchheim"]
[Date "2014.10.03"]
[Round "2.22"]
[White "Huber, Lukas"]
[Black "Löllmann, Heinrich"]
[Result "1-0"]
[WhiteElo "1718"]
[BlackElo "1832"]
[PlyCount "47"]
[EventDate "2014.??.??"]
[WhiteTeam "SC Tannhausen"]
[BlackTeam "SV Bubenreuth"]

1. e4 e6 2. d4 d5 3. Nc3 Nf6 4. Bg5 Be7 5. e5 Nfd7 6. h4 a6 7. Qg4 Bxg5 8. hxg5
c5 9. g6 f5 10. Qf4 h6 11. Nf3 Nf8 12. Qg3 cxd4 13. Nxd4 Nc6 14. Nxc6 bxc6 15.
Be2 d4 16. O-O-O c5 17. Na4 Qa5 18. Qf3 Rb8 19. Qc6+ Bd7 20. Qd6 Rb4 21. Nxc5
Qxa2 22. Nb3 a5 23. Rh4 Nxg6 24. Bh5 1-0

[Event "13. Sparkassen Open 2014 - Gruppe B"]
[Site "Forchheim"]
[Date "2014.10.03"]
[Round "2.23"]
[White "Hummel, Thomas"]
[Black "Glawe, Ralf"]
[Result "0-1"]
[WhiteElo "1871"]
[BlackElo "1996"]
[PlyCount "156"]
[EventDate "2014.??.??"]

1. Nf3 Nf6 2. b3 d5 3. Bb2 Nbd7 4. e3 c5 5. c4 e6 6. Be2 Bd6 7. O-O O-O 8. d4
b6 9. Ne5 Bb7 10. Nd2 Qe7 11. a4 Rfd8 12. f4 Ne4 13. Bf3 f6 14. Nd3 a5 15. g3
Rac8 16. Bxe4 dxe4 17. Ne1 Nb8 18. Nc2 Na6 19. Qe2 Ba8 20. Rad1 f5 21. Nb1 Bc6
22. Nc3 Nc7 23. h4 Be8 24. Rd2 Bf7 25. Qf2 Bh5 26. Ne2 Ne8 27. dxc5 Bxc5 28.
Rfd1 Nf6 29. Bxf6 Qxf6 30. Rxd8+ Rxd8 31. Rxd8+ Qxd8 32. Ned4 Qd7 33. Qe1 h6
34. Kf2 Be7 35. Kg2 g5 36. hxg5 hxg5 37. Qf2 Bf6 38. Qe1 Bg4 39. Qg1 e5 40.
fxe5 Bxe5 41. Qh2 Kg7 42. Qg1 Kg6 43. Kf2 f4 44. gxf4 gxf4 45. Ke1 Kg5 46.
exf4+ Bxf4 47. Ne3 Bd6 48. Qxg4+ Qxg4 49. Nxg4 Kxg4 50. Ke2 Bc5 51. Nc2 Kf4 52.
Ne1 Kf5 53. Nc2 Ke5 54. Kd2 Kf4 55. Ke2 e3 56. Ne1 Ke4 57. Nc2 Bd4 58. Ne1 Bc3
59. Nc2 Bd2 60. Na3 Bc1 61. Nb5 Bb2 62. Nc7 Bd4 63. Nd5 Bc5 64. Nf6+ Ke5 65.
Nd5 Kd4 66. Nxe3 Kc3 67. Nd5+ Kxb3 68. Kd3 Kxa4 69. Kc3 Ka3 70. Kc2 Ka2 71.
Nc3+ Ka3 72. Nd5 Bd4 73. Kd3 Bf2 74. Nc3 Kb3 75. Ne4 a4 76. Nxf2 a3 77. Kd4 a2
78. Ne4 a1=Q+ 0-1

[Event "13. Sparkassen Open 2014 - Gruppe B"]
[Site "Forchheim"]
[Date "2014.10.03"]
[Round "2.24"]
[White "Fett, Helmut"]
[Black "Gheng, Dominik"]
[Result "1-0"]
[WhiteElo "1830"]
[BlackElo "1733"]
[PlyCount "49"]
[EventDate "2014.??.??"]

1. c4 e5 2. Nc3 Nf6 3. Nf3 Nc6 4. g3 Bc5 5. Bg2 O-O 6. O-O Re8 7. d3 a6 8. Bg5
h6 9. Ne4 Be7 10. Bxf6 Bxf6 11. Nxf6+ Qxf6 12. Nd2 Ne7 13. b4 c6 14. Ne4 Qg6
15. Nc3 Qd6 16. Qb3 Nf5 17. Ne4 Qe7 18. c5 Nd4 19. Qb2 f5 20. Nd6 Rf8 21. a4
Qe6 22. e3 Qb3 23. Qxb3+ Nxb3 24. Ra3 Nd2 25. Rd1 1-0

[Event "13. Sparkassen Open 2014 - Gruppe B"]
[Site "Forchheim"]
[Date "2014.10.03"]
[Round "2.25"]
[White "Sander, Dirk"]
[Black "Effenberg, Michael"]
[Result "1-0"]
[WhiteElo "1912"]
[BlackElo "1653"]
[PlyCount "31"]
[EventDate "2014.??.??"]

1. Nf3 d5 2. d4 e6 3. c4 Nf6 4. Nc3 c5 5. Bg5 Nc6 6. cxd5 Nxd4 7. Nxd4 cxd4 8.
Qxd4 Be7 9. Rd1 O-O 10. d6 Bxd6 11. Qxd6 Qa5 12. Bxf6 gxf6 13. g3 b5 14. Bg2
Bb7 15. Bxb7 Rad8 16. Qc5 1-0

[Event "13. Sparkassen Open 2014 - Gruppe B"]
[Site "Forchheim"]
[Date "2014.10.03"]
[Round "2.26"]
[White "Mantel, Ruben"]
[Black "Wolf, Pablo"]
[Result "1-0"]
[WhiteElo "1659"]
[BlackElo "1635"]
[PlyCount "69"]
[EventDate "2014.??.??"]

1. c4 e6 2. g3 Nf6 3. Bg2 d5 4. Nf3 c5 5. O-O Bd6 6. cxd5 exd5 7. d4 c4 8. Nc3
Nbd7 9. b3 cxb3 10. Qxb3 Nb6 11. Nb5 Bf5 12. Nxd6+ Qxd6 13. Ba3 Qd7 14. Ne5 Qd8
15. Rac1 Nfd7 16. Nxf7 Kxf7 17. e4 Bxe4 18. Bxe4 Nf6 19. Bf5 Re8 20. Rfe1 Kg8
21. Bb4 Kh8 22. Rxe8+ Nxe8 23. Qe3 Nd6 24. Bh3 Ndc4 25. Qe6 Qe8 26. Re1 Qxe6
27. Rxe6 Kg8 28. Re7 Rb8 29. f4 h6 30. Be6+ Kh7 31. f5 Kh8 32. Bc5 Ne3 33. Bd6
Rd8 34. Be5 Nc8 35. Rxg7 1-0

[Event "13. Sparkassen Open 2014 - Gruppe B"]
[Site "Forchheim"]
[Date "2014.10.03"]
[Round "2.27"]
[White "Mantel, Hubert"]
[Black "Thürauf, Peter"]
[Result "1/2-1/2"]
[WhiteElo "1653"]
[BlackElo "1854"]
[PlyCount "85"]
[EventDate "2014.??.??"]

1. e4 c5 2. Nc3 Nc6 3. g3 g6 4. Bg2 Bg7 5. d3 d6 6. Be3 e6 7. Qd2 Nge7 8. Nf3
O-O 9. Bh6 b5 10. Bxg7 Kxg7 11. Nxb5 Rb8 12. Qc3+ e5 13. Na3 f5 14. O-O f4 15.
Nc4 Bg4 16. Ncd2 Nd4 17. Nxd4 cxd4 18. Qa3 Be2 19. Rfe1 f3 20. Nc4 Nc6 21. Nxd6
Qf6 22. Bh3 Kh8 23. Qc5 Nb4 24. Rec1 Qe7 25. a3 Na6 26. Qc6 Rf6 27. Nc8 Qg7 28.
Qe8+ Rf8 29. Qe7 Rfxc8 30. Qxg7+ Kxg7 31. Bxc8 Rxc8 32. b4 Rc3 33. h4 g5 34.
hxg5 Kg6 35. Kh2 Kxg5 36. b5 Nc5 37. a4 Nd7 38. a5 Nb8 39. a6 Nd7 40. Rab1 Nb6
41. Kh3 Rc7 42. Ra1 Rc5 43. Rab1 1/2-1/2